| 000 | 00947nam a2200253 a 4500 | ||
|---|---|---|---|
| 001 | 000731372 | ||
| 003 | AM-YeHGA | ||
| 005 | 20250618073747.0 | ||
| 008 | 100426s1976 |||| |||||||||||||rus d | ||
| 040 | _aAM-YeHGA | ||
| 041 | 1 |
_arus _heng |
|
| 100 | 1 |
_aՄոեմ, Սոմերսեթ, _d1874-1965 _98655 |
|
| 245 | 1 | 0 |
_aСплошные прелести : _bПер. с англ. / _cУ.С. Моэм; В Англии: Романы /Брэгг М.; Предисл. Урнова; Худож. Б. Алимов. |
| 246 | 1 | 5 | _aCakes and Ale |
| 246 | 1 | 5 | _aA place in England |
| 260 |
_aМосква : _bМол. гвардия, _c1976. |
||
| 300 |
_a400 с. : _bил. ; _c20 см. |
||
| 650 | 1 | 4 |
_aАнглийская литература _xРоман |
| 700 | 1 | _aБрэгг, Малвин | |
| 700 | 1 |
_aУрнов, Д. _eавт. предисл. _4aui |
|
| 700 | 1 |
_aАлимов, Б. _eхудож. _4art |
|
| 740 | 0 | 2 | _aВ Англии |
| 090 | _c272067 | ||
| 999 |
_c270429 _d270429 |
||